000 03201njm a2200637 i 4500
001 196097
003 ES-MaACL
005 20250904042258.0
007 sd*fsngnnmmned
008 240209s2006 sp opn d / cze
015 _aSON06
017 _aM 48052-2006
_bOficina Depósito Legal Madrid
020 _a9788496832220
035 _a(OCoLC)733210514
035 _a(SpMaBN)a4579717
040 _aSpMaBN
_bspa
_cSpMaBN
_erdc
084 _a5
_2MU
100 1 _aDvořák, Antonín,
_d1841-1904
_9240609
_ecmp
240 1 0 _aRusalka
245 1 0 _aRusalka /
_cDvorak ; libreto de Jaroslav Kvapil
_h[Grabación sonora]
260 _aMadrid :
_bPrisa Innova,
_cD.L. 2006
264 _a©2007
300 _a2 discos (CD Audio) +
_e1 libro (61 páginas)
336 _2rdacontent
_amúsica (interpretada)
337 _2rdamedia
_aaudio
338 _2rdacarrier
_avolumen
490 1 _aLos clásicos de la ópera, 400 años ;
_v21
500 _aRemasterizado
511 1 _aLudmila Cervinková, Beno Blachut, Eduard Haken, Marta Krásová, Marie Podvalová, Mária Tauberová, Miloslava Fidlerová, Vera Krilová, Jirí Joran, Ludmila Hanzalíková, Premysl Kocí ; Orquesta y Coro del Teatro Nacional de Praga ; Jaroslav Krombholc, director musical.
518 _aGrabado en el estudio Domovina, Praga, en mayo de 1952
520 _aImpulsado por el ejemplo de su compatriota Bedrich Smetana, Antonín Dvořák (1841-1904) trató durante toda su vida de crear una ópera nacional checa, pero alcanzó tal éxito en el terreno orquestal que su producción escénica tuvo que conformarse con una posición menos relevante, a excepción de Rusalka, estrenada triunfalmente en Praga en 1901. La imaginativa escritura orquestal, el suntuoso colorido y la brillantez melódica han hecho de la trágica historia de la ondina enamorada un clásico de la ópera romántica.
650 7 _aÓperas-
_9137584
_vLibretos
655 7 _aLibretos
_2
_9242219
700 1 _aKvapil, Jaroslav,
_d1868-1950-
_tRusalka-
_lEspañol-Checo
_9238214
_elbt
700 1 _aČervinková, Ludmila
_9238215
_eprf
700 1 _aBlachut, Beno
_9238216
_eprf
700 1 _aHaken, Eduard
_9238217
_eprf
700 1 _aKrásová, Marta
_9238218
_eprf
700 1 _aPodvalová, Marie
_9238219
_eprf
700 1 _aTauberová, Mária
_9238220
_eprf
700 1 _aFidlerová, Miloslava
_9238221
_eprf
700 1 _aKrilová, Vera
_9238222
_eprf
700 1 _aJoran, Jiři
_eprf
_9240611
700 1 _aHanzalíková, Ludmila
_eprf
_9240612
700 1 _aKočí, Přemysl
_eprf
_9240613
700 1 _aKrombholc, Jaroslav,
_d1918-1983
_9238223
_emsd
710 2 _aNárodní divadlo v Praze-
_bOrchestr
_9238224
710 2 _aNárodní divadlo v Praze-
_bSbor
_9238225
852 _aES-MaACL
_bR.155035
_cDEPOJ
_jN-9816
_hDonación: Miren Fernández
_xEncuadernación cartoné
_pVolumen 21
_9205689
903 _aFernández, Miren
_ednr
942 _cMONOGRAFIA
_n0
999 _c196097
_d196097